Federal India (Record no. 426365)

000 -LEADER
fixed length control field 00440cam a22001457a 4500
008 - FIXED-LENGTH DATA ELEMENTS--GENERAL INFORMATION
fixed length control field 180718b1930 xxu||||| |||| 00| 0 eng d
082 ## - DEWEY DECIMAL CLASSIFICATION NUMBER
Classification number F5x54 H127
100 ## - MAIN ENTRY--PERSONAL NAME
Personal name Haksar, K. N.
245 ## - TITLE STATEMENT
Title Federal India
Statement of responsibility, etc. by Colonel K. N. Haksar and K. M. Panikkar
260 ## - PUBLICATION, DISTRIBUTION, ETC.
Place of publication, distribution, etc. London
Name of publisher, distributor, etc. Martin Hopkinson
Date of publication, distribution, etc. 1930
300 ## - PHYSICAL DESCRIPTION
Extent xii, 211p
650 ## - SUBJECT ADDED ENTRY--TOPICAL TERM
Topical term or geographic name entry element India --Politics and government --1919-1947
650 ## - SUBJECT ADDED ENTRY--TOPICAL TERM
Topical term or geographic name entry element Federal government
700 ## - ADDED ENTRY--PERSONAL NAME
Personal name Panikkar, K. M.
Holdings
Withdrawn status Lost status Damaged status Not for loan Permanent Location Current Location Date acquired Full call number Barcode Date last seen Price effective from Koha item type
        Indian Institute of Public Administration Indian Institute of Public Administration 2009-10-27 F5x54 H127 9 2018-07-21 2018-07-21 Book

Powered by Koha